Funciones de producción para la economía argentina (Registro nro. 22902)

Detalles MARC
000 -LEADER
fixed length control field 00347 a2200109 4500
001 - CONTROL NUMBER
control field ART_5525
005 - DATE AND TIME OF LATEST TRANSACTION
control field 20260410161827.0
008 - FIXED-LENGTH DATA ELEMENTS--GENERAL INFORMATION
fixed length control field 260409a
100 1# - MAIN ENTRY--PERSONAL NAME
Personal name Dichiara, Raúl Oscar
245 10 - TITLE STATEMENT
Title Funciones de producción para la economía argentina
773 0# - HOST ITEM ENTRY
Title Estudios Económicos
Related parts - Vol. 1, Nº 1/2 (ene./dic. 1982)
Record control number REV5080

No hay ítems disponibles.